| 000 | 01380nam a2200361 a 4500 | ||
|---|---|---|---|
| 001 | 015370428 | ||
| 003 | EG-ScBUE | ||
| 005 | 20220404103803.0 | ||
| 008 | 090505t2010 njua f 001 0 eng d | ||
| 020 | _a9780470409466 (pbk.) | ||
| 020 | _a0470409460 (pbk.) | ||
| 040 |
_aStDuBDS _beng _erda _cStDuBDS _dUk _dEG-ScBUE |
||
| 082 | 0 | 4 |
_a657 _222 _bWEY |
| 100 | 1 |
_aWeygandt, Jerry J., _eauthor. |
|
| 245 | 1 | 0 |
_aAccounting principles / _cJerry J. Weygandt, PhD, CPA, University of Wisconsin, Madison, Wisconsin, Paul D. Kimmel, PhD, CPA, University of Wisconsin, Milwaukee, WisconsinDonald E. Kieso, PhD, CPA, Northern Illinois University, Dekalb, Illinois. |
| 250 |
_aNinth edition. _bInternational student version. |
||
| 264 | 1 |
_aHoboken : _bJohn Wiley & Sons, Inc., _c[2010] |
|
| 264 | 4 | _cc2010 | |
| 300 |
_a1 volume (various pagings) : _billustrations ; _c29 cm |
||
| 336 |
_atext _2rdacontent _btxt |
||
| 337 |
_aunmediated _2rdamedia _bn |
||
| 338 |
_avolume _2rdacarrier _bnc |
||
| 500 | _aIncludes index. | ||
| 650 | 7 |
_aAccounting. _2BUEsh |
|
| 650 | 7 |
_aAccounting _vProblems, exercises, etc. _2BUEsh |
|
| 653 |
_bGGEN _cMarch2022 |
||
| 655 |
_vReading book _934232 |
||
| 700 | 1 |
_aKimmel, Paul D., _eauthor. |
|
| 700 | 1 |
_aKieso, Donald E., _eauthor. |
|
| 942 |
_2ddc _cBB |
||
| 999 |
_c29879 _d29850 |
||